| 000 | 01160nam a2200241 a 4500 | ||
|---|---|---|---|
| 001 | 001100149 | ||
| 003 | AM-YeHGA | ||
| 005 | 20250617151620.0 | ||
| 008 | 150909s1980 ||| r 000 0 rus d | ||
| 040 | _aAM-YeHGA | ||
| 041 | 0 | _arus | |
| 100 | 1 | _aРапопорт, Иосиф Абрамович | |
| 245 | 1 | 0 |
_aХимический мутагенез : _b(Проблемы и перспективы) / _cИ.А. Рапопорт, М.Х. Шигаева, Н.Б. Ахматуллина; АН СССР, Ин-т хим. физики; АН КазССР, Ин-т микробиологии и вирусологии. |
| 260 |
_aАлма-Ата : _bНаука КазССР, _c1980. |
||
| 300 |
_a319 с. : _bил. |
||
| 504 | _aБиблиогр.: с. 288-317 | ||
| 653 | 0 | _aМутагенез химический | |
| 700 | 1 | _aШигаева, Майя Хажетдиновна | |
| 700 | 1 | _aАхматуллина, Назира Бадретдиновна | |
| 710 | 2 | _aИнститут микробиологии и вирусологии АН КазССР | |
| 710 | 2 | _aИнститут химической физики АН СССР | |
| 090 | _c356712 | ||
| 999 |
_c354895 _d354895 |
||